| 000 | 01162nac a22003257a 4500 | ||
|---|---|---|---|
| 001 | BR6004809 | ||
| 003 | BR-BrBNA | ||
| 005 | 20240105113116.0 | ||
| 008 | 230509b bl.|||m| |||| 00| 0 por d | ||
| 040 |
_aBR-BrBNA _bpor _cBiblioteca Nacional de Agricultura |
||
| 072 | _aS10 | ||
| 090 | _a9910 BR6004809 | ||
| 100 | 1 | _aTeixeira, A.A. | |
| 100 | 1 | _aGomes, F.P. | |
| 100 | 1 | _aPereira, L.S.P. | |
| 100 | 1 | _aMoraes, R.S. | |
| 100 | 1 | _aCastilha, A. de | |
| 110 | 1 |
_aInstituto Brasileiro do Cafe, Rio de Janeiro, GB. Depto. de Assistencia a Cafeicultura _95870 |
|
| 111 | 1 |
_a21. Reuniao da Sociedade Brasileira para o Progresso da Ciencia _cPorto Alegre, RS (Brazil) _dJul 1969 |
|
| 245 | 1 | _aA influencia de graos verdes em ligas com cafes de bebida mole [Sabor] | |
| 260 | 3 |
_aRio de Janeiro, GB (Brasil): _cMar 1970. |
|
| 300 | _a15 p. | ||
| 490 |
_aBoletim Tecnico - Instituto Brasileiro do Cafe. Depto. de Assistencia a Cafeicultura (Brazil) _vno. 3 _x |
||
| 500 | _a10 ref.; Summary (En) | ||
| 650 | _aComposicao de alimento | ||
| 650 | _aCafe | ||
| 650 | _aSabor | ||
| 909 |
_a202312 _bLúcia Elande _c55 _dLúcia Elande |
||
| 942 |
_2AGRIS _n0 _cMS |
||
| 999 |
_c261930 _d261930 |
||